Statistics for Canadian Provinces and Territories

Click here to take the quiz!

General Stats

  • This quiz has been taken 21 times
  • The average score is 11 of 13

Answer Stats

Province or TerritoryThe Name of It% Correct
ProvincePrince Edward Island
94%
ProvinceAlberta
88%
ProvinceManitoba
88%
ProvinceNew Brunswick
88%
ProvinceNova Scotia
88%
TerritoryNunavut
88%
ProvinceOntario
88%
ProvinceSaskatchewan
88%
TerritoryYukon Territory
88%
ProvinceBritish Columbia
81%
ProvinceNewfoundland and Labrador
81%
ProvinceQuebec
81%
TerritoryNorthwest Territories
75%

Score Distribution

Percentile by Number Answered

Percent of People with Each Score

Your Score History

You have not taken this quiz